[Event "Wch U20 60th"]
[Site "Mexico City"]
[Date "2023.10.01"]
[Round "11"]
[White "Loncke, Matthieu"]
[Black "Han, Johnathan"]
[Result "0-1"]
[WhiteElo "2136"]
[BlackElo "2252"]
[PlyCount "88"]
[EventDate "2023.09.21"]
[EventType "swiss"]
[EventRounds "11"]
[EventCountry "MEX"]
[SourceTitle "EXT 2024"]
[Source "ChessBase"]
[SourceDate "2023.10.10"]
[SourceVersion "1"]
[SourceVersionDate "2023.10.10"]
[SourceQuality "1"]

1. d4 Nf6 2. c4 e6 3. Nc3 Bb4 4. Qc2 c5 5. dxc5 0-0 6. Nf3 Na6 7. g3 Nxc5 8. Bg2 Nce4 9. 0-0 Bxc3 10. bxc3 Qc7 11. Nd4 d5 12. cxd5 exd5 13. Ba3 Re8 14. Rfc1 Qe5 15. Qd3 b6 16. Rab1 Qh5 17. h4 Bd7 18. c4 Nxf2 19. Kxf2 Ng4+ 20. Kg1 Re3 21. Qd2 Qe5 22. Nf3 Qxg3 23. Qxd5 Rae8 24. Bd6 Qf2+ 25. Kh1 Rxe2 26. Rg1 Ne3 27. Qg5 h6 28. Qg3 Bc6 29. Qxf2 Rxf2 30. Rbe1 Nxg2 31. Rxe8+ Bxe8 32. Rxg2 Rxf3 33. Kh2 Bc6 34. Rc2 Ba4 35. Rg2 Bd7 36. Bb8 a6 37. Bc7 Rh3+ 38. Kg1 Rxh4 39. Be5 g5 40. Rd2 Be6 41. Bd4 Bxc4 42. Bxb6 Be6 43. a3 Kh7 44. Rf2 Kg6 0-1

[Event "Wch U20 60th"]
[Site "Mexico City"]
[Date "2023.09.25"]
[Round "5"]
[White "Loncke, Matthieu"]
[Black "Defromont, Benjamin"]
[Result "0-1"]
[WhiteElo "2136"]
[BlackElo "2418"]
[PlyCount "132"]
[EventDate "2023.09.21"]
[EventType "swiss"]
[EventRounds "11"]
[EventCountry "MEX"]
[SourceTitle "EXT 2024"]
[Source "ChessBase"]
[SourceDate "2023.10.10"]
[SourceVersion "1"]
[SourceVersionDate "2023.10.10"]
[SourceQuality "1"]

1. d4 Nf6 2. c4 g6 3. Nc3 Bg7 4. Nf3 0-0 5. Bg5 c5 6. d5 d6 7. e3 e6 8. Nd2 h6 9. Bh4 Re8 10. Be2 Nbd7 11. 0-0 Nf8 12. Bg3 e5 13. Qc2 Nh5 14. Rae1 f5 15. Bxh5 gxh5 16. f4 h4 17. Bf2 e4 18. h3 Ng6 19. Kh2 Kh7 20. Rg1 Rg8 21. g4 hxg3+ 22. Rxg3 Bf6 23. Reg1 Bh4 24. R3g2 Bxf2 25. Rxf2 Qh4 26. Rfg2 Bd7 27. Ne2 Rg7 28. Qc3 b6 29. Ng3 Rag8 30. Ne2 Bc8 31. b3 Bd7 32. Qb2 a6 33. a4 Qe7 34. Qc3 Ra8 35. Qa1 Rgg8 36. Qb2 a5 37. Qa1 Raf8 38. Rg3 Rf7 39. R1g2 Qf8 40. Qg1 Ne7 41. Qa1 Rf6 42. Qg1 Rfg6 43. Qa1 Qf7 44. Rg1 Rxg3 45. Rxg3 Rxg3 46. Nxg3 Ng8 47. Qb2 Nf6 48. Ndf1 Qg7 49. Kh1 Qg6 50. Kh2 Kg8 51. Qg2 Kf7 52. Ne2 Qh5 53. Nfg3 Qh4 54. Qg1 Ne8 55. Qa1 Ng7 56. Kg2 Qe7 57. Qb2 Kf8 58. Ng1 Kg8 59. Qa1 h5 60. N3e2 h4 61. Qe1 Be8 62. Kh2 Bh5 63. Nc3 Qf6 64. Qd2 Kf7 65. Nb5 Ne8 66. Qc3 Bd1 0-1

[Event "Reykjavik op"]
[Site "Reykjavik"]
[Date "2023.04.01"]
[Round "5"]
[White "Cooper, Malcolm H"]
[Black "Loncke, Matthieu"]
[Result "0-1"]
[WhiteElo "1763"]
[BlackElo "2108"]
[PlyCount "96"]
[EventDate "2023.03.29"]
[EventType "swiss"]
[EventRounds "9"]
[EventCountry "ISL"]
[SourceTitle "CBM 213 Extra"]
[Source "ChessBase"]
[SourceDate "2023.05.31"]
[SourceVersion "1"]
[SourceVersionDate "2023.05.31"]
[SourceQuality "1"]

1. d4 Nf6 2. c4 g6 3. Nc3 Bg7 4. e4 d6 5. Nf3 0-0 6. Be2 Nbd7 7. 0-0 e5 8. d5 Nc5 9. Qc2 a5 10. Be3 b6 11. Ne1 Bd7 12. b3 Ne8 13. f3 f5 14. Nd3 f4 15. Bf2 g5 16. a3 h5 17. b4 Nxd3 18. Bxd3 Rf6 19. c5 bxc5 20. bxc5 Rg6 21. Bb5 g4 22. Bxd7 Qxd7 23. Be1 Bf8 24. Na4 gxf3 25. Rxf3 Qg4 26. Kh1 Nf6 27. Ra2 Rg7 28. c6 Qg6 29. Nc3 Rb8 30. Qd3 Rb3 31. Qc4 Rxa3 32. Qe2 Rxa2 33. Qxa2 Nxe4 34. Nxe4 Qxe4 35. Qxa5 Qe2 36. Rf2 Qd1 37. Qd2 Qxd2 38. Bxd2 Re7 39. Kg1 Bh6 40. Rf1 Re8 41. Ba5 Rc8 42. Rb1 Bg5 43. Rb7 Bd8 44. Kf2 Kf7 45. Kf3 Kf6 46. Ke4 Ra8 47. Bxc7 Bxc7 48. Rxc7 Ra3 0-1

[Event "Reykjavik op"]
[Site "Reykjavik"]
[Date "2023.03.30"]
[Round "2"]
[White "Loncke, Matthieu"]
[Black "Yankelevich, Lev"]
[Result "0-1"]
[WhiteElo "2108"]
[BlackElo "2459"]
[PlyCount "58"]
[EventDate "2023.03.29"]
[EventType "swiss"]
[EventRounds "9"]
[EventCountry "ISL"]
[SourceTitle "CBM 213 Extra"]
[Source "ChessBase"]
[SourceDate "2023.05.31"]
[SourceVersion "1"]
[SourceVersionDate "2023.05.31"]
[SourceQuality "1"]

1. d4 Nf6 2. c4 e6 3. Nc3 Bb4 4. f3 d5 5. a3 Bd6 6. Bg5 h6 7. Bh4 Be7 8. e3 0-0 9. cxd5 Nxd5 10. Bf2 c5 11. Nge2 Nc6 12. e4 Nxc3 13. bxc3 cxd4 14. Nxd4 Qa5 15. Qd2 Bg5 16. Be3 Bxe3 17. Qxe3 Nxd4 18. Qxd4 Rd8 19. Qb4 Qg5 20. Rd1 Rxd1+ 21. Kxd1 e5 22. h4 Qg3 23. Qb2 Be6 24. Qd2 Bb3+ 25. Kc1 Qg6 26. Qb2 Qb6 27. Kb1 Rd8 28. Be2 Bc2+ 29. Kc1 Qe3+ 0-1

[Event "Cappelle Online Blitz op"]
[Site "Europe Echecs INT"]
[Date "2022.01.09"]
[Round "9"]
[White "Loncke, Matthieu"]
[Black "Gandreuil, Brice"]
[Result "0-1"]
[WhiteElo "1942"]
[BlackElo "1414"]
[PlyCount "66"]
[EventDate "2022.01.09"]
[EventType "swiss (blitz)"]
[EventRounds "11"]
[EventCountry "FRA"]
[SourceTitle "EXT 2023"]
[Source "ChessBase"]
[SourceDate "2022.10.05"]
[SourceVersion "1"]
[SourceVersionDate "2022.10.05"]
[SourceQuality "1"]

1. d4 f5 2. Nc3 Nf6 3. Bg5 e6 4. Qd3 Be7 5. 0-0-0 a6 6. h4 d5 7. f3 Nc6 8. e3 b5 9. Nh3 Bd7 10. Nf4 0-0 11. Be2 b4 12. Nb1 a5 13. h5 Nxh5 14. Bxe7 Nxf4 15. exf4 Qxe7 16. g4 a4 17. Rh2 Qd6 18. Rdh1 Qxf4+ 19. Nd2 h6 20. c3 bxc3 21. bxc3 a3 22. Kc2 Na5 23. gxf5 Ba4+ 24. Kc1 exf5 25. Rg2 Nc4 26. Rhg1 Nb2 27. Rxg7+ Kh8 28. Qb1 Rab8 29. Re7 Nc4 30. Qd3 Nxd2 31. Qxd2 Rb1+ 32. Kxb1 Qxd2 33. Rgg7 Qb2# 0-1

[Event "Cappelle Online Blitz op"]
[Site "Europe Echecs INT"]
[Date "2022.01.09"]
[Round "6"]
[White "Sharikov, Alexander"]
[Black "Loncke, Matthieu"]
[Result "1-0"]
[WhiteElo "2192"]
[BlackElo "1942"]
[PlyCount "57"]
[EventDate "2022.01.09"]
[EventType "swiss (blitz)"]
[EventRounds "11"]
[EventCountry "FRA"]
[SourceTitle "EXT 2023"]
[Source "ChessBase"]
[SourceDate "2022.10.05"]
[SourceVersion "1"]
[SourceVersionDate "2022.10.05"]
[SourceQuality "1"]

1. e4 c5 2. b4 cxb4 3. Bb2 d5 4. exd5 Qxd5 5. a3 e5 6. axb4 Bxb4 7. Nc3 Bxc3 8. Bxc3 Ne7 9. Ra5 Qe4+ 10. Be2 Nbc6 11. d3 Qxg2 12. Bf3 Qg6 13. Ra4 0-0 14. Ne2 Qd6 15. Ng3 f5 16. Nh5 g6 17. Rg1 Bd7 18. Rh4 Nd4 19. Bxd4 exd4 20. Qd2 Rae8 21. Qh6 Qe5+ 22. Kf1 Rf7 23. Nf4 Qg7 24. Qg5 Bc6 25. Bd1 a5 26. c3 a4 27. cxd4 a3 28. Bb3 Kh8 29. Bxf7 1-0

[Event "Tetraktys Concept Mgmt"]
[Site "Europe Echecs INT"]
[Date "2021.06.06"]
[Round "8"]
[White "Loncke, Matthieu"]
[Black "Ferey, Antonin"]
[Result "0-1"]
[WhiteElo "1726"]
[BlackElo "2148"]
[PlyCount "66"]
[EventDate "2021.06.06"]
[EventType "swiss (blitz)"]
[EventRounds "11"]
[EventCountry "FRA"]
[SourceTitle "CBM 202 Extra"]
[Source "ChessBase"]
[SourceDate "2021.07.31"]
[SourceVersion "1"]
[SourceVersionDate "2021.07.31"]
[SourceQuality "1"]

1. d4 Nf6 2. Bf4 e6 3. e3 c5 4. c3 Nc6 5. Nf3 d5 6. Nbd2 cxd4 7. exd4 Nh5 8. Be3 Bd6 9. Bd3 Nf4 10. Bxf4 Bxf4 11. 0-0 0-0 12. Re1 Bc7 13. Nf1 Bd7 14. Ne3 f5 15. Qb3 Bd6 16. a3 b5 17. Nxd5 Na5 18. Qa2 Rc8 19. Ne3 Qf6 20. Ne5 Bxe5 21. dxe5 Qxe5 22. Nxf5 Qf6 23. Rf1 Nc4 24. Ne3 Nxe3 25. fxe3 Qg5 26. Kh1 Qxe3 27. Bc2 Bc6 28. Rfe1 Qd2 29. Qxe6+ Kh8 30. Qe2 Qg5 31. Be4 Rce8 32. Qc2 Qh4 33. Bxc6 Rxe1+ 0-1

[Event "C'Chartres Blitz op April"]
[Site "Europe Echecs INT"]
[Date "2021.04.10"]
[Round "6"]
[White "Loncke, Matthieu"]
[Black "Emmenecker, Philippe"]
[Result "0-1"]
[WhiteElo "1726"]
[BlackElo "2053"]
[PlyCount "78"]
[EventDate "2021.04.10"]
[EventType "swiss (blitz)"]
[EventRounds "11"]
[EventCountry "FRA"]
[SourceTitle "CBM 201 Extra"]
[Source "ChessBase"]
[SourceDate "2021.05.31"]
[SourceVersion "1"]
[SourceVersionDate "2021.05.31"]
[SourceQuality "1"]

1. d4 Nf6 2. Bf4 d5 3. e3 c5 4. c3 Nc6 5. Nd2 e6 6. Ngf3 cxd4 7. exd4 Nh5 8. Bg5 f6 9. Be3 g6 10. Bd3 Bd6 11. 0-0 0-0 12. Qc2 Qc7 13. h3 f5 14. Bh6 Ng7 15. Rae1 Bf4 16. Bxf4 Qxf4 17. Ne5 Nxe5 18. dxe5 Bd7 19. g3 Qh6 20. Kg2 g5 21. Rh1 Bc6 22. Nf3 d4 23. cxd4 Rac8 24. Qd2 Qg6 25. Bc4 g4 26. d5 gxf3+ 27. Kh2 exd5 28. Bxd5+ Kh8 29. Bxc6 Rxc6 30. Rc1 Rfc8 31. Rc3 Qe6 32. Rhc1 Qxe5 33. Rxc6 bxc6 34. Re1 Qd5 35. Qg5 Re8 36. Rxe8+ Nxe8 37. Qe3 Nf6 38. Qe7 Qd4 39. Qf8+ Ng8 0-1

[Event "C'Chartres Blitz op April"]
[Site "Europe Echecs INT"]
[Date "2021.04.10"]
[Round "8"]
[White "Loncke, Matthieu"]
[Black "Faydi, Jonathan J"]
[Result "0-1"]
[WhiteElo "1726"]
[BlackElo "2087"]
[PlyCount "80"]
[EventDate "2021.04.10"]
[EventType "swiss (blitz)"]
[EventRounds "11"]
[EventCountry "FRA"]
[SourceTitle "CBM 201 Extra"]
[Source "ChessBase"]
[SourceDate "2021.05.31"]
[SourceVersion "1"]
[SourceVersionDate "2021.05.31"]
[SourceQuality "1"]

1. d4 d5 2. Bf4 e6 3. e3 Nf6 4. Nd2 Bd6 5. Bg3 0-0 6. Ngf3 c5 7. c3 Qc7 8. Bxd6 Qxd6 9. Ne5 Nc6 10. f4 Nd7 11. Bd3 f6 12. Qh5 f5 13. Nxd7 Bxd7 14. 0-0 Rac8 15. g3 Be8 16. Qe2 Bf7 17. Nf3 a6 18. Kg2 b5 19. a3 c4 20. Bc2 a5 21. g4 g6 22. g5 b4 23. a4 bxc3 24. bxc3 Rb8 25. Rfb1 Rxb1 26. Bxb1 Rb8 27. Qc2 Qe7 28. Ra2 Qb7 29. Nd2 Be8 30. Qc1 Na7 31. Bc2 Nc8 32. Ra1 Qb2 33. Qxb2 Rxb2 34. Rc1 Nb6 35. Kg3 Bxa4 36. Bxa4 Nxa4 37. Nb1 Rb3 38. h4 Nb2 39. Rc2 a4 40. Nd2 a3 0-1

[Event "C'Chartres Blitz op April"]
[Site "Europe Echecs INT"]
[Date "2021.04.10"]
[Round "4"]
[White "Loncke, Matthieu"]
[Black "Mallassagne, Francois Eric"]
[Result "1-0"]
[WhiteElo "1726"]
[BlackElo "2149"]
[PlyCount "77"]
[EventDate "2021.04.10"]
[EventType "swiss (blitz)"]
[EventRounds "11"]
[EventCountry "FRA"]
[SourceTitle "CBM 201 Extra"]
[Source "ChessBase"]
[SourceDate "2021.05.31"]
[SourceVersion "1"]
[SourceVersionDate "2021.05.31"]
[SourceQuality "1"]

1. d4 Nf6 2. Bf4 d5 3. e3 Bg4 4. Nf3 h5 5. h3 Bf5 6. c4 c6 7. Nc3 e6 8. Qb3 Nbd7 9. Qxb7 e5 10. Bxe5 Nxe5 11. Nxe5 Nd7 12. Nxc6 Qc8 13. Qxc8+ Rxc8 14. Nxa7 Ra8 15. Nab5 Rc8 16. Nxd5 Kd8 17. a3 g5 18. Be2 Bg7 19. Nd6 Nf6 20. Nxf6 Bxf6 21. Nxf5 Kd7 22. c5 Ke6 23. Ng3 Kd5 24. Rc1 Rb8 25. Bc4+ Kc6 26. b4 Ra8 27. Ra1 Rhb8 28. Ne4 Be7 29. 0-0 g4 30. d5+ Kd7 31. d6 Bd8 32. Bd5 Ra7 33. c6+ Kc8 34. c7 Bxc7 35. dxc7 Rxc7 36. Rfc1 f5 37. Rxc7+ Kxc7 38. Rc1+ Kd7 39. Nc5+ 1-0

[Event "Cappelle Online Bullet op"]
[Site "Europe Echecs INT"]
[Date "2021.03.05"]
[Round "4"]
[White "Loncke, Matthieu"]
[Black "Babiy, Olga"]
[Result "0-1"]
[WhiteElo "1726"]
[BlackElo "2300"]
[PlyCount "76"]
[EventDate "2021.03.05"]
[EventType "swiss (blitz)"]
[EventRounds "15"]
[EventCountry "FRA"]
[SourceTitle "EXT 2022"]
[Source "ChessBase"]
[SourceDate "2021.10.06"]
[SourceVersion "1"]
[SourceVersionDate "2021.10.06"]
[SourceQuality "1"]

1. d4 d5 2. Bf4 c5 3. e3 Nc6 4. c3 Qb6 5. Qb3 c4 6. Qc2 e5 7. dxe5 Bf5 8. Qc1 g5 9. Bg3 h5 10. h4 g4 11. Nd2 Bg7 12. e4 Bxe4 13. Nxe4 dxe4 14. Bxc4 Nxe5 15. Bxe5 Bxe5 16. Bb3 Ne7 17. Qe3 f5 18. Qxb6 axb6 19. Ke2 0-0-0 20. g3 Kc7 21. Ke3 Rhf8 22. Ne2 Nc6 23. Rhd1 Na5 24. Nf4 Nxb3 25. axb3 Bd6 26. Ne6+ Kc6 27. Nxd8+ Rxd8 28. Ke2 Re8 29. Rd2 f4 30. Rad1 f3+ 31. Ke1 e3 32. Rxd6+ Kc7 33. Rd7+ Kc6 34. Rd8 Kb5 35. fxe3 Rxe3+ 36. Kf2 Re2+ 37. Kf1 Ka6 38. R1d5 b5 0-1

[Event "Cappelle Online Bullet op"]
[Site "Europe Echecs INT"]
[Date "2021.03.05"]
[Round "12"]
[White "Loncke, Matthieu"]
[Black "Roumegous, Adrien"]
[Result "1-0"]
[WhiteElo "1726"]
[BlackElo "1330"]
[PlyCount "63"]
[EventDate "2021.03.05"]
[EventType "swiss (blitz)"]
[EventRounds "15"]
[EventCountry "FRA"]
[SourceTitle "EXT 2022"]
[Source "ChessBase"]
[SourceDate "2021.10.06"]
[SourceVersion "1"]
[SourceVersionDate "2021.10.06"]
[SourceQuality "1"]

1. d4 d5 2. Bf4 c6 3. e3 Nf6 4. c4 Bf5 5. Nc3 e6 6. Qb3 Qb6 7. c5 Qxb3 8. axb3 Be7 9. Bxb8 Rxb8 10. Rxa7 Ne4 11. b4 Nxc3 12. bxc3 0-0 13. Nf3 f6 14. Be2 h6 15. Kd2 e5 16. Rha1 exd4 17. Nxd4 Bg6 18. Bg4 f5 19. Bf3 Bf6 20. g3 b6 21. Nxc6 Rbc8 22. Bxd5+ Kh8 23. cxb6 Rfd8 24. Nxd8 Rxd8 25. c4 Rxd5+ 26. cxd5 Bxa1 27. Rxa1 Kh7 28. b7 Bh5 29. b8Q f4 30. Qc7 Kg6 31. exf4 Kh7 32. Ra7 1-0

[Event "Cappelle Online Bullet op"]
[Site "Europe Echecs INT"]
[Date "2021.03.05"]
[Round "1"]
[White "Loncke, Matthieu"]
[Black "Unuk, Laura"]
[Result "0-1"]
[WhiteElo "1726"]
[BlackElo "2389"]
[PlyCount "70"]
[EventDate "2021.03.05"]
[EventType "swiss (blitz)"]
[EventRounds "15"]
[EventCountry "FRA"]
[SourceTitle "EXT 2022"]
[Source "ChessBase"]
[SourceDate "2021.10.06"]
[SourceVersion "1"]
[SourceVersionDate "2021.10.06"]
[SourceQuality "1"]

1. d4 Nf6 2. Bf4 e6 3. e3 d5 4. Nf3 Bd6 5. Bg3 0-0 6. Nbd2 b6 7. Bd3 Bb7 8. c3 c5 9. Qb1 h6 10. Bxd6 Qxd6 11. Ne5 Nc6 12. f4 c4 13. Bc2 b5 14. a3 a5 15. 0-0 b4 16. Qc1 Ne7 17. g4 bxc3 18. bxc3 Ne4 19. Nxe4 dxe4 20. Rb1 Bd5 21. Qb2 Rfb8 22. Qa2 f6 23. Nxc4 Bxc4 24. Qxc4 Nd5 25. Bxe4 Nxe3 26. Qd3 Nxg4 27. Bxa8 Rxa8 28. Qe4 Re8 29. Rbe1 f5 30. Qe2 Nf6 31. Qf3 Ne4 32. Rxe4 fxe4 33. Qxe4 Re7 34. Re1 Rf7 35. Qe5 Qxe5 0-1